=LDR 00000nam 2200000 4500 =001 INLIS000000000049604 =005 20170303083044.0 =006 =007 =008 =035 ##$$0010-031700000000049 =040 ##$$a NBPDMAT =082 ##$$a 320.809 598 65 =090 ##$$a 320.809 598 65 $bGit p =100 ##$$a Gita Aryadi =245 ##$$a Penggita' $b: (Cuplikan sketsa pemikiran) $c/ Lalu Gita Aryadi =250 ##$$a Cet. 1 =260 ##$$a Mataram $b [ s.n. ] $c 1999 =300 ##$$a vii, 140 hlm. ; $c 20 cm =650 ##$$a Pembangunan - NTB =850 ##$$a NBPDMAT =990 ##$$a 21605020 =990 ##$$a 21605021 =990 ##$$a 21605022 =990 ##$$a 21605023 =990 ##$$a 21605024